| 000 | 00615nam a2200169 a 4500 | ||
|---|---|---|---|
| 001 | 000029089 | ||
| 005 | 20200930055326.0 | ||
| 008 | 110413s1961 dr c 000 | spa d | ||
| 040 |
_aDO-SdBNP _bspa _cBNPHU |
||
| 082 |
_axxx _bJ86s |
||
| 100 | 1 |
_aJourdain Heredia, Luis Emilio _955991 |
|
| 245 | 1 | 0 |
_aSemblanza militar del generalísimo Trujillo / _cLuis Emilio Jourdain Heredia ; prólogo de Ernesto Sánchez Rubirosa. |
| 260 |
_aCiudad Trujillo, República Dominicana : _bEditora del Caribe, _c1961. |
||
| 300 |
_a40 p. : _bretr. ; _c22 cm. |
||
| 700 | 1 |
_aSánchez Rubirosa, Ernesto, _epról. _935321 |
|
| 049 | _aBNPD | ||
| 999 |
_c28581 _d28581 |
||